00419nam a22001457a 4500008004100000040005500041080001900096245003000115260003900145300001500184500001600199650001300215653002100228700002400249230808b |||||||| |||| 00| 0 eng d aNational Science LibrarycNational Science Library a551.46/.48(05) aAdvances in hydroscience  aNew York: bAcademic Press, c1973 aix, 342p.  aVol. 9 1973 aScience  aWater resources  aChow, Ven Te (Ed.)